Meaning of Portuguese Municipalities - Statistics

General Stats
  • This quiz has been taken 35 times
    33 since last reset
  • The average score is 57 of 123
Answer Stats
Translation District Municipality % Correct
Harbour Itself Porto
86%
White Castle Itself Castelo Branco
82%
Keys Vila Real Chaves
77%
Border Portalegre Fronteira
77%
Lakes Faro Lagos
77%
Saint Port Madeira Porto Santo
77%
Saint Peter of the south Viseu São Pedro do Sul
77%
Saint Vincent Madeira São Vicente
77%
Amateur (f.) Lisbon Amadora
73%
Creek of Heroism Azores Angra do Heroísmo
73%
Guard Itself Guarda
73%
Lagoon Faro/Azores Lagoa
73%
Nazareth Leiria Nazaré
73%
Northeast Azores Nordeste
73%
Joyful Port Itself Portalegre
73%
Green Town Braga Vila Verde
73%
Batle Leiria Batalha
68%
Bigger Field Portalegre Campo Maior
68%
Butters Guarda Manteigas
68%
Holly Cross Madeira Santa Cruz
68%
Constancy Santarém Constância
64%
Fig Tree of the river mouth Coimbra Figueira da Foz
64%
Magdalene Azores Madalena
64%
Big Navy Leiria Marinha Grande
64%
Bridge of Lima River Viana do Castelo Ponte de Lima
64%
Bridge of Sor River Portalegre Ponte de Sor
64%
Victory Beach Azores Praia da Vitória
64%
Bigger River Santarém Rio Maior
64%
Holly Cross of Flowers Azores Santa Cruz das Flores
64%
Saint John of the wood Aveiro São João da Madeira
64%
Royal Town Itself Vila Real
64%
Castle of salt Setúbal Alcácer do Sal
59%
Archs of Vez River Valley Viana do Castelo Arcos de Valdevez
59%
Spa of the Queen Leiria Caldas da Rainha
59%
Chamber of the wolves Madeira Câmara de Lobos
59%
Raven Azores Corvo
59%
Fig Tree of Rodrigo's Castle Guarda Figueira de Castelo Rodrigo
59%
Olive Tree of the Hospital Coimbra Oliveira do Hospital
59%
Walls Porto Paredes
59%
Weight of the Ruler Vila Real Peso da Régua
59%
Round Évora Redondo
59%
Saint Mary of the fair Aveiro Santa Maria da Feira
59%
Saint Anne Madeira Santana
59%
Saint Thyrsus Porto Santo Tirso
59%
New Towers Santarém Torres Novas
59%
Dam reservoir Faro Albufeira
55%
Chestnut Tree of pear Leiria Castanheira de Pêra
55%
Junction Santarém Entroncamento
55%
Thorn Aveiro Espinho
55%
Smith of Alentejo Beja Ferreira do Alentejo
55%
Ash tree with a sword in waist Bragança Freixo de Espada à Cinta
55%
Moorish (f.) Beja Moura
55%
Royal Town of Saint Anthony Faro Vila Real de Santo António
55%
Rue of Wines Lisbon Arruda dos Vinhos
50%
Smith of Zêzere River Santarém Ferreira do Zêzere
50%
Bridge of the barge Viana do Castelo Ponte da Barca
50%
Saved land of the magicians Santarém Salvaterra de Magos
50%
Saint Columba of Dão River Viseu Santa Comba Dão
50%
Saint Roch of the peak Azores São Roque do Pico
50%
Joyful Mountain Vila Real Montalegre
45%
Olive Tree of Friars Viseu Oliveira de Frades
45%
Walls of Coura River Viana do Castelo Paredes de Coura
45%
Pigeonry Leiria Pombal
45%
Holly Cross of Graceful Azores Santa Cruz da Graciosa
45%
New Sales Évora Vendas Novas
45%
Bishops Town Faro Vila do Bispo
45%
Flower Town Bragança Vila Flor
45%
New Towns of the Côa River Mouth Guarda Vila Nova de Foz Côa
45%
Customs of faith Bragança Alfândega da Fé
41%
Green Fortification Beja Castro Verde
41%
New Bigger Mountain Évora Montemor-o-Novo
41%
Old Bigger Mountain Coimbra Montemor-o-Velho
41%
Court of Ferreira River Porto Paços de Ferreira
41%
Cape of the Sun Madeira Ponta do Sol
41%
Tower of Raven Mountain Bragança Torre de Moncorvo
41%
Old Towers Lisbon Torres Vedras
41%
Long Valley Porto Valongo
41%
Frank Town of brushwood Lisbon Vila Franca de Xira
41%
Frank Town of the field Azores Vila Franca do Campo
41%
Castle of Vine Portalegre Castelo de Vide
36%
Port of Millstones Leiria Porto de Mós
36%
Big Stream Azores Ribeira Grande
36%
Sisymbrium Setúbal Sesimbra
36%
Sails Azores Velas
36%
Kings Town Castelo Branco Vila de Rei
36%
Harbours Town Azores Vila do Porto
36%
New Town of the little barge Santarém Vila Nova da Barquinha
36%
Vineyards group Bragança Vinhais
36%
Old Inn Aveiro Albergaria-a-Velha
32%
Vegetable garden Azores Horta
32%
Cold House Vila Real Mesão Frio
32%
Strong Mountain Portalegre Monforte
32%
Thin Cape Azores Ponta Delgada
32%
Angry Stream Madeira Ribeira Brava
32%
Slabs of Flowers Azores Lajes das Flores
27%
Slabs of Peak Azores Lajes do Pico
27%
Cork oak plantation of the Verjuice Mountain Lisbon Sobral de Monte Agraço
27%
Little Bay Madeira/Azores Calheta
23%
Group of fennel Madeira Funchal
23%
Big Depth Castelo Branco Fundão
23%
Olive Tree of Clay ground Aveiro Oliveira do Bairro
23%
Township Azores Povoação
23%
Pebble place Setúbal Seixal
23%
Fryer Castelo Branco Sertã
23%
Board Coimbra Tábua
23%
Scallop of the Minho Braga Vieira do Minho
23%
Earls Town Porto Vila do Conde
23%
Lush Town Évora Vila Viçosa
23%
Hawk Portalegre Gavião
18%
Bush Setúbal Moita
18%
Potters Castelo Branco Oleiros
18%
Stream of the Cliff Vila Real Ribeira de Pena
18%
Elderberry plantation Guarda Sabugal
18%
Ocellated lizard group Santarém Sardoal
18%
Courts Valley Vila Real Valpaços
18%
New Town of deer place Viana do Castelo Vila Nova de Cerveira
18%
Ravines Beja Barrancos
14%
Drugstores Vila Real Boticas
14%
Vat Beja Cuba
14%
Big Spring Faro Olhão
14%
Wyvern Beja Serpa
14%
Limit of hemp platations Porto Marco de Canaveses
9%
Rick Guarda Mêda
9%
No matching quizzes found
Score Distribution
Percent of People with Each Score
Percentile by Number Answered
Your Score History
You have not taken this quiz since the last reset